Complete the Card - TNA Bound for Glory 2011 - Statistics

General Stats
  • This quiz has been taken 78 times
  • The average score is 14 of 19
Answer Stats
Answer % Correct
Sting
96%
AJ Styles
95%
Hulk Hogan
93%
Kurt Angle
93%
Bobby Roode
89%
Bully Ray
86%
Samoa Joe
86%
Christopher Daniels
82%
Austin Aries
75%
Mr. Anderson
73%
Mickie James
71%
Velvet Sky
70%
Matt Morgan
68%
Madison Rayne
66%
Rob Van Dam
66%
Brian Kendrick
50%
Winter
50%
Crimson
46%
Jerry Lynn
43%
No matching quizzes found
Score Distribution
Percent of People with Each Score
Percentile by Number Answered
Your Score History
You have not taken this quiz